000 00623nam a2200265Ia 4500
005 20260306164311.0
008 008 260114s9999 xx 000 0 eng d
020 _a9780262343756
037 _aEBOOK
040 _aCRL
040 _beng
040 _cCRL
041 _2eng
041 _aeng
084 _qCRL
100 _aGhosh, Ostry, Qureshi
_91130391
245 0 _aTaming The Tide Of Capital Flows
260 _bThe MIT Press
260 _c2018
650 _aEconomics & Finance
856 _uhttps://academic.oup.com/book/33425
942 _cEBOOK
999 _c1713564
_d1713564